00977nam a2200217 a 450000100100000000500170001000800410002704000250006808200180009310000410011124500880015226000450024030000410028550001970032665000370052370000230056091000280058304900090061195201220062099900170074200001155120200929162504.0091020s1953 ag ad 001 0bspa  aDO-SdBNPbspacBNPHU a927.43bL345F1 aFernández Coria, Valentín92733314aLas grandes partidas de Emanuel Lasker /cValentín Fernández Coria, Luis Palau. aBuenos Aires :bSopena Argentina,c1953. a150, [1] p. :bil., tablas ;c24 cm. aOchenta y cuatro producciones escogidas de entre las mas notables del maestro alemán, uno de los más extraordinarios ajedrecistas de todos los tiempos y campeón del mundo de 1894 a 1921. 4aLaske, emanuely1868-19419273341 aPalau, Luis927335 aCatalogación Original aBNGR 001052708MOaGRbGRcCTd2009-10-20iLF1l0o927.43 L345Fp11551-10r2020-06-25w2020-06-25y2ZPréstamo interno c11246d11246